Statistics for Click to Translate - Scottish Gaelic

Click here to take the quiz!

General Stats

  • This quiz has been taken 375 times
  • The average score is 7 of 20

Answer Stats

HintAnswer% Correct
LakeLoch
94%
BoatBàta
72%
ScotlandAlba
64%
SchoolSgoil
63%
SonMac
58%
WindowUinneag
40%
MountainBeinn
39%
ThereAn sin
30%
JumpLeum
29%
HeartCridhe
28%
BrownDonn
28%
AppleUbhal
28%
NurseBanaltram
24%
AutumnFoghar
21%
FireTeine
21%
HorseEach
19%
MondayDiluain
18%
TwentyFichead
17%
WalkCoisich
15%
EarlyTràth
11%

Score Distribution

Percentile by Number Answered

Percent of People with Each Score

Your Score History

You have not taken this quiz